Интерактивная энциклопедия для школьников (Запись № 11866150)
[ простой вид ]
| 000 -МАРКЕР | |
|---|---|
| контрольное поле | 01489nam0a2200337 4500 |
| 001 - ИДЕНТИФИКАТОР ЗАПИСИ | |
| контрольное поле | RU\NLR\BIBL_A\011473449 |
| 005 - ИДЕНТИФИКАТОР ВЕРСИИ | |
| контрольное поле | 20260406105637.0 |
| 010 ## - МЕЖДУНАРОДНЫЙ СТАНДАРТНЫЙ НОМЕР КНИГИ (ISBN) | |
| Номер (ISBN) | 9785389115743 |
| Тираж | 3000 |
| 021 ## - НОМЕР ГОСУДАРСТВЕННОЙ РЕГИСТРАЦИИ | |
| Код страны | Российская Федерация |
| Номер | 2017-62641 |
| Номер Листа государственной регистраци | 4436 |
| 035 ## - ДРУГИЕ СИСТЕМНЫЕ НОМЕРА | |
| Идентификатор записи | (RuMoRGB)009370735 |
| 035 ## - ДРУГИЕ СИСТЕМНЫЕ НОМЕРА | |
| Идентификатор записи | (NLR Aleph) 011473449 |
| 100 ## - ДАННЫЕ ОБЩЕЙ ОБРАБОТКИ | |
| Данные общей обработки | 20170915d2017 d y0rusy50 ca |
| 101 1# - ЯЗЫК РЕСУРСА | |
| Язык текста, звукозаписи и т.д. | русский |
| Язык оригинала | английский |
| 102 ## - СТРАНА ПУБЛИКАЦИИ ИЛИ ПРОИЗВОДСТВА | |
| Страна публикации | Российская Федерация |
| 105 ## - ПОЛЕ КОДИРОВАННЫХ ДАННЫХ: ТЕКСТОВЫЕ МАТЕРИАЛЫ, МОНОГРАФИЧЕСКИЕ | |
| Кодированные данные о монографическом текстовом документе | a f 001zy |
| 200 1# - ЗАГЛАВИЕ И СВЕДЕНИЯ ОБ ОТВЕТСТВЕННОСТИ | |
| Основное заглавие | Интерактивная энциклопедия для школьников |
| Сведения, относящиеся к заглавию | [ответы на 1000 вопросов |
| -- | для среднего школьного возраста |
| Первые сведения об ответственности | авторы текста: Клиф Гиффорд и др. |
| Последующие сведения об ответственности | перевод с английского Татьяны Покидаевой |
| -- | редакторы Валентина Бологова и др.] |
| 210 ## - ПУБЛИКАЦИЯ, РАСПРОСТРАНЕНИЕ И ДР. | |
| Место издания, распространения и т.д. | Москва [и др.] |
| Имя издателя, распространителя и т. д. | Махаон [и др.] |
| Дата издания, распространения и т.д. | 2017 |
| 215 ## - ФИЗИЧЕСКАЯ ХАРАКТЕРИСТИКА | |
| Специфическое обозначение материала и объем | 159 с. |
| Другие сведения о физической характеристике | цв. ил. |
| Размеры | 29 |
| 320 ## - ПРИМЕЧАНИЯ О НАЛИЧИИ В ДОКУМЕНТЕ БИБЛИОГРАФИИ / УКАЗАТЕЛЯ | |
| Текст примечания | Указ.: с. 156-159 |
| 333 ## - ПРИМЕЧАНИЯ ОБ ОСОБЕННОСТЯХ РАСПРОСТРАНЕНИЯ И ИСПОЛЬЗОВАНИЯ | |
| Текст примечания | 6+ |
| 608 ## - ФОРМА, ЖАНР, ФИЗИЧЕСКИЕ ХАРАКТЕРИСТИКИ ДОКУМЕНТА КАК ТОЧКА ДОСТУПА | |
| Начальный элемент ввода | Энциклопедии для детей |
| Системный номер авторитетной/нормативной записи | 2363029 |
| Идентификатор авторитетной/нормативной записи | RU\NLR\AUTH\661410942 |
| 686 ## - ИНДЕКСЫ ДРУГИХ КЛАССИФИКАЦИЙ | |
| Индекс | Ш9:Я20(2) |
| Код системы | |
| 686 3# - ИНДЕКСЫ ДРУГИХ КЛАССИФИКАЦИЙ | |
| Индекс | Ш9 |
| Книжный номер | Я20 |
| 702 #1 - ИМЯ ЛИЦА - ВТОРИЧНАЯ ОТВЕТСТВЕННОСТЬ | |
| Код отношения | Прочие |
| Графика поля | Кириллица |
| Материалы, к которым относится поле | rus |
| Начальный элемент ввода | Гиффорд |
| Часть имени, кроме начального элемента ввода | К. |
| Даты | 1966- |
| Расширение инициалов личного имени | Клайв |
| Системный номер авторитетной/нормативной записи | 231809 |
| Идентификатор авторитетной/нормативной записи | RU\NLR\AUTH\770231865 |
| 702 #1 - ИМЯ ЛИЦА - ВТОРИЧНАЯ ОТВЕТСТВЕННОСТЬ | |
| Код отношения | Редактор |
| Материалы, к которым относится поле | rus |
| Графика поля | Кириллица |
| Начальный элемент ввода | Бологова |
| Часть имени, кроме начального элемента ввода | В. |
| Дополнения к именам, кроме дат | популяризатор |
| Расширение инициалов личного имени | Валентина |
| Идентификатор авторитетной/нормативной записи | RU\NLR\AUTH\77102476 |
| Системный номер авторитетной/нормативной записи | 85402 |
| 942 ## - ДОПОЛНИТЕЛЬНЫЕ ЭЛЕМЕНТЫ ЗАПИСИ (АБИС) | |
| Тип экземпляра АБИС | Книга |
| 980 ## - КОЛЛЕКЦИЯ | |
| Название коллекции | НБР |
Нет доступных экземпляров.